Các hợp chất flavonoit glycosit phân lập từ cây Tetradium glabrifolium /

Salvato in:
Dettagli Bibliografici
Autore principale: Trương Thị Thu Hiền.
Altri autori: Đan Thị Thúy Hằng., Châu Văn Minh., Nguyễn Văn Thanh., Nguyễn Văn Tuyến., Nguyễn Xuân Cường., Ninh Khắc Bản., Phan Văn Kiệm.
Natura: Articolo
Lingua:Vietnamese
Tags: Aggiungi Tag
Nessun Tag, puoi essere il primo ad aggiungerne! !
Thư viện lưu trữ: Thư viện Trường Đại học Đà Lạt
LEADER 00973nam a2200313 4500
001 DLU150168563
005 ##20150407
040 # # |a DLU  |b vie 
041 # # |a vie 
044 # # |a vn 
100 # # |a Trương Thị Thu Hiền. 
245 # # |a Các hợp chất flavonoit glycosit phân lập từ cây Tetradium glabrifolium /  |c Trương Thị Thu Hiền, ...[và những người khác]. 
700 # # |a Đan Thị Thúy Hằng. 
700 # # |a Châu Văn Minh. 
700 # # |a Nguyễn Văn Thanh. 
700 # # |a Nguyễn Văn Tuyến. 
700 # # |a Nguyễn Xuân Cường. 
700 # # |a Ninh Khắc Bản. 
700 # # |a Phan Văn Kiệm. 
773 # # |t Hóa học  |g Số 6, 2011, tr. 733-737 
920 # # |a Phòng Tạp chí -- Trung tâm Thông tin - Thư viện Trường Đại học Đà Lạt 
994 # # |a DLU 
900 # # |a True 
911 # # |a Hoàng Thị Huyền 
925 # # |a G 
926 # # |a A 
927 # # |a BB 
980 # # |a Thư viện Trường Đại học Đà Lạt